00605nam a2200205Ia 4500008004000000041000800040082001200048100001500060245004000075260004900115650001200164650001000176650000700186650001400193650001300207690002200220906001100242999001900253952012700272210210b1923 xxu||||| |||| 00| 0 eng d aeng a825/291 aEDDY (W A) aCritical study of Gullivers travels aNew JerseybPrinceton University Pressc1923 atravels astudy aof aGullivers aCritical aEnglish Criticism a014608 c133799d133799 001040708EnglishaALbALcEnglish Literatured2021-02-17g0.00l0o825/291p014608r2021-02-17 00:00:00w2021-02-17yBK